000 00664nam a22002417a 4500
003 UA-OsUOA
001 89412
007 ta
008 20121106b un ||||| |||| 00| 0 ukr d
100 _aДухнович О. В.
090 _a821.161.2
_bД85
942 _cBK
040 _aUA-OsUOA
_bukr
_cUA-OsUOA
_dUA-OsUOA
245 _aВибрані твори
300 _a568 с.
955 _a3
041 _aukr
080 _a821.161.2
020 _a966-7703-64-9
260 _aУжгород
_bВАТ "Видавництво "Закарпаття"
_c2003
650 7 _a82 Література. Літературознавство
_2UDC
999 _c375570
_d375570